Reprezentanci piłki ręcznej w polskiej kadry - Statystyki

Ogólne statystyki
  • Ten quiz został rozwiązany 96 razy
  • Średni wynik to 4 z 10
Statystyki odpowiedzi
Mecze Lata Zawodnik % Poprawnych
298 1998–2018 Sławomir Szmal
88%
259 2002–2017 Karol Bielecki
87%
234 2004–2016 Bartosz Jurecki
86%
251 1997–2013 Marcin Lijewski
78%
207 1997–2012 Mariusz Jurasik
35%
221 1972–1984 Jerzy Klempel
15%
201 2002–2014 Patryk Kuchczyński
14%
214 1977–1989 Daniel Waszkiewicz
8%
204 1973–1982 Alfred Kałuziński
5%
234 1967–1984 Andrzej Szymczak
5%
Nie znaleziono quizów pasujących do podanych kryteriów
Rozkład punktacji
Procent ludzi z każdym wynikiem
Percentyl według liczby udzielonych odpowiedzi
Twoja historia wyników
Nie rozwiązałeś tego quizu